[Event "TCh-FRA Top 12 2019"]
[Site "Brest FRA"]
[Date "2019.05.18"]
[Round "1.1"]
[Board "2"]
[White "Gledura, Benjamin"]
[Black "Solodovnichenko, Yuri"]
[Result "1-0"]
[WhiteTitle "GM"]
[BlackTitle "GM"]
[WhiteElo "2645"]
[BlackElo "2572"]
[WhiteTeam "Mulhouse Philidor"]
[BlackTeam "Vandoeuvre-Echecs"]
[WhiteFideId "712779"]
[BlackFideId "14104369"]
[EventDate "2019.05.18"]

1. Nf3 d5 2. c4 c6 3. d4 Nf6 4. e3 e6 5. b3 Ne4 6. Nbd2 f5 7. g3 Bd6 8. Bg2 O-O
9. O-O Nd7 10. Bb2 b6 11. Ne1 Ba6 12. Nd3 Rc8 13. Rc1 Qe7 14. Nf3 Rfd8 15. Re1
Bb7 16. Rc2 c5 17. Qe2 Ba6 18. Rec1 dxc4 19. bxc4 b5 20. Nxc5 Ndxc5 21. cxb5 Bb7
22. dxc5 Rxc5 23. Nd4 Rdc8 24. Nc6 Bxc6 25. Rxc5 Bxc5 26. bxc6 Rxc6 27. Bxe4
fxe4 28. Ba3 Rc7 29. Qb5 a6 30. Qb8+ Kf7 31. Kg2 g5 32. Qh8 Kg6 33. Rxc5 Rxc5
34. Qd4 Qf7 35. Bxc5 Qf3+ 36. Kg1 h5 37. h3 h4 38. g4 1-0

[Event "TCh-FRA Top 12 2019"]
[Site "Brest FRA"]
[Date "2019.05.18"]
[Round "1.1"]
[Board "4"]
[White "Heimann, Andreas"]
[Black "Hamitevici, Vladimir"]
[Result "1-0"]
[WhiteTitle "GM"]
[BlackTitle "GM"]
[WhiteElo "2627"]
[BlackElo "2476"]
[WhiteTeam "Mulhouse Philidor"]
[BlackTeam "Vandoeuvre-Echecs"]
[WhiteFideId "24624632"]
[BlackFideId "13902393"]
[EventDate "2019.05.18"]

1. d4 d5 2. c4 e6 3. Nc3 c6 4. e4 dxe4 5. Nxe4 c5 6. Nxc5 Bxc5 7. dxc5 Qxd1+ 8.
Kxd1 Nf6 9. Nf3 Nbd7 10. Be3 Ng4 11. Bd4 e5 12. h3 exd4 13. hxg4 Nxc5 14. Rh5 b6
15. Re5+ Kf8 16. Nxd4 Bxg4+ 17. Kc2 g6 18. Be2 h5 19. Rd1 Rc8 20. b3 a6 21. Kc3
Rc7 22. Re3 Bxe2 23. Nxe2 Kg7 24. Nf4 Rhc8 25. Nd5 Rb7 26. b4 Ne6 27. Kb3 Rd8
28. Red3 g5 29. Kc3 Rc8 30. Ne3 Kg6 31. Rd6 h4 32. Nd5 Rcb8 33. f4 g4 34. Ne3
Kg7 35. f5 Nf4 36. Rf1 Re8 37. Rxf4 Rxe3+ 38. Rd3 Rxd3+ 39. Kxd3 Kf6 40. Rxg4
Kxf5 41. Rxh4 f6 42. a4 Rg7 43. a5 bxa5 44. Rh5+ Ke6 45. Rxa5 Rg3+ 46. Kd4 Rg4+
47. Kc5 Rg5+ 48. Kb6 Rxg2 49. Rxa6 f5 50. c5 f4 51. c6 f3 52. Ra3 Rg4 53. Rxf3
Rxb4+ 54. Kc7 Rh4 55. Rd3 Ke7 56. Re3+ 1-0

[Event "TCh-FRA Top 12 2019"]
[Site "Brest FRA"]
[Date "2019.05.18"]
[Round "1.1"]
[Board "6"]
[White "Burri, Quentin"]
[Black "Thomas, Anysia"]
[Result "1-0"]
[WhiteTitle "IM"]
[BlackTitle "WFM"]
[WhiteElo "2425"]
[BlackElo "2178"]
[WhiteTeam "Mulhouse Philidor"]
[BlackTeam "Vandoeuvre-Echecs"]
[WhiteFideId "26028654"]
[BlackFideId "670472"]
[EventDate "2019.05.18"]

1. e4 c6 2. d4 g6 3. Nc3 d5 4. e5 Nh6 5. f4 Bg4 6. Qd2 e6 7. h3 Qh4+ 8. Qf2
Qxf2+ 9. Kxf2 Bf5 10. Be3 Bxc2 11. Rc1 Be4 12. Nxe4 dxe4 13. g4 Ng8 14. Bc4 Nd7
15. Ne2 Nb6 16. Bb3 Nd5 17. Ng3 f5 18. Bxd5 cxd5 19. gxf5 exf5 20. Rc7 Rb8 21.
Rhc1 Ne7 22. Ne2 Nc6 23. Nc3 Nb4 24. Ke2 Be7 25. e6 Nd3 26. Nxd5 Nxc1+ 27. Bxc1
Bd8 28. Rg7 Kf8 29. Rd7 Ke8 30. Bd2 Rc8 31. Rxb7 h6 32. e7 Bc7 33. Nxc7+ Kxe7
34. Nd5+ Ke6 35. Ne3 g5 36. d5+ Kf6 37. Bc3+ Rxc3 38. fxg5+ hxg5 39. bxc3 Rxh3
40. d6 Rh2+ 41. Ke1 Rh1+ 42. Nf1 f4 43. Rb4 e3 44. Rd4 Rh8 45. d7 Ke7 46. Nh2
Kd8 47. Nf3 g4 48. Ne5 Rh1+ 49. Ke2 f3+ 50. Kxe3 Re1+ 51. Kf4 Rxe5 52. Kxe5 f2
53. Rf4 g3 54. Kd6 1-0

[Event "TCh-FRA Top 12 2019"]
[Site "Brest FRA"]
[Date "2019.05.18"]
[Round "1.1"]
[Board "7"]
[White "Spielmann, Alain"]
[Black "Smith, Axel"]
[Result "0-1"]
[WhiteTitle "FM"]
[BlackTitle "GM"]
[WhiteElo "2216"]
[BlackElo "2481"]
[WhiteTeam "Vandoeuvre-Echecs"]
[BlackTeam "Mulhouse Philidor"]
[WhiteFideId "602272"]
[BlackFideId "1707930"]
[EventDate "2019.05.18"]

1. d4 e6 2. Nf3 c5 3. c3 d5 4. Bf4 Bd6 5. Bxd6 Qxd6 6. e3 Nc6 7. Nbd2 Nf6 8. Bb5
O-O 9. O-O Bd7 10. Re1 Nxd4 11. exd4 Bxb5 12. Ne5 Nd7 13. Qh5 cxd4 14. cxd4 f6
15. Ng4 Bd3 16. Qh3 Bf5 17. Nf3 Qf4 0-1

[Event "TCh-FRA Top 12 2019"]
[Site "Brest FRA"]
[Date "2019.05.18"]
[Round "1.1"]
[Board "8"]
[White "Haussernot, Cecile"]
[Black "Adrian, Claude"]
[Result "1/2-1/2"]
[WhiteTitle "WIM"]
[BlackTitle "IM"]
[WhiteElo "2097"]
[BlackElo "2238"]
[WhiteTeam "Mulhouse Philidor"]
[BlackTeam "Vandoeuvre-Echecs"]
[WhiteFideId "601632"]
[BlackFideId "601071"]
[EventDate "2019.05.18"]

1. e4 e6 2. d4 d5 3. Nc3 Bb4 4. exd5 exd5 5. Bd3 Nc6 6. Ne2 Nf6 7. Bg5 h6 8. Bf4
O-O 9. Qd2 Ne4 10. Bxe4 dxe4 11. O-O-O Qe7 12. d5 Ne5 13. Qd4 Ng6 14. d6 Bxd6
15. Bxd6 cxd6 16. Qxe4 Be6 17. h4 Rac8 18. h5 Ne5 19. Rd4 Nc6 20. Rd3 d5 21. Qf4
Rfd8 22. Rg3 Qc7 23. Qxc7 Rxc7 24. Nb5 Rcc8 25. Nbd4 Nxd4 26. Nxd4 Rc4 27. c3 a6
28. Re1 Rd6 29. f4 Kf8 30. Rge3 Bd7 31. Re7 Rc8 1/2-1/2

[Event "TCh-FRA Top 12 2019"]
[Site "Brest FRA"]
[Date "2019.05.18"]
[Round "1.2"]
[Board "1"]
[White "Fedorov, Alexei"]
[Black "Kosten, Anthony C."]
[Result "1-0"]
[WhiteTitle "GM"]
[BlackTitle "GM"]
[WhiteElo "2566"]
[BlackElo "2419"]
[WhiteTeam "Gonfreville l'Orcher"]
[BlackTeam "C.E.M.C. Monaco"]
[WhiteFideId "13500465"]
[BlackFideId "400114"]
[EventDate "2019.05.18"]

1. e4 e5 2. Nc3 Nf6 3. g3 d5 4. exd5 Nxd5 5. Nf3 Nc6 6. Bg2 Nxc3 7. bxc3 Bc5 8.
O-O O-O 9. d3 Bg4 10. h3 Bh5 11. g4 Bg6 12. Ng5 Qd7 13. h4 f6 14. Ne4 Bxe4 15.
Bxe4 Ne7 16. Bxb7 Rab8 17. Bg2 f5 18. gxf5 Nxf5 19. Qg4 Rb6 20. Qc4+ Rf7 21. Bd5
Rg6+ 22. Kh2 Nd6 23. Qxc5 Kh8 24. Rb1 h6 25. Rb8+ Kh7 26. Rb4 e4 27. Rxe4 Rf5
28. Qc6 Qd8 29. Qa8 Nc8 30. Be3 Rxd5 31. Rg1 Rxg1 32. Kxg1 Rb5 33. Bd4 Qd7 34.
Re3 Nd6 35. Rg3 Nf5 36. Qe4 Kg8 37. Rg6 Qf7 38. Re6 Nd6 39. Qg4 Nf5 40. Qe4 Nd6
41. Qg6 Qxg6+ 42. Rxg6 Nf5 43. Rc6 Ra5 44. Rxc7 Rxa2 45. Rxa7 Rxc2 46. Be5 Rd2
47. d4 Rd3 48. Rc7 Rd1+ 49. Kh2 Rd2 50. Bg3 h5 51. Rc5 g6 52. d5 Kf7 53. Rc7+
Kf6 54. Rc6+ Kf7 55. c4 Rc2 56. Kg1 Nd4 57. Rc7+ Kf6 58. c5 Kf5 59. d6 1-0

[Event "TCh-FRA Top 12 2019"]
[Site "Brest FRA"]
[Date "2019.05.18"]
[Round "1.2"]
[Board "2"]
[White "Cornette, Deimante"]
[Black "Payen, Arnaud"]
[Result "1/2-1/2"]
[WhiteTitle "IM"]
[BlackTitle "IM"]
[WhiteElo "2433"]
[BlackElo "2358"]
[WhiteTeam "C.E.M.C. Monaco"]
[BlackTeam "Gonfreville l'Orcher"]
[WhiteFideId "12802859"]
[BlackFideId "600814"]
[EventDate "2019.05.18"]

1. e4 e5 2. Nf3 d6 3. d4 exd4 4. Nxd4 Nf6 5. Nc3 Be7 6. g3 O-O 7. Bg2 Re8 8. O-O
Bf8 9. h3 c6 10. Bg5 h6 11. Bf4 Nbd7 12. Nf5 Ne5 13. g4 b5 14. a3 a5 15. Re1 Kh7
16. Qc1 Bb7 17. b3 b4 18. axb4 axb4 19. Na4 Ng6 20. Bg3 c5 21. f3 Ne5 22. Qd2 g6
23. Ne3 Nc6 24. Qf2 Nd4 25. Bh4 Be7 26. Bg3 Bf8 27. Bh4 Be7 28. Bg3 Bf8 29. Bh4 1/2-1/2

[Event "TCh-FRA Top 12 2019"]
[Site "Brest FRA"]
[Date "2019.05.18"]
[Round "1.2"]
[Board "6"]
[White "Dornbusch, Tatiana"]
[Black "Charmeteau, Sven"]
[Result "1/2-1/2"]
[WhiteTitle "WGM"]
[BlackTitle "FM"]
[WhiteElo "2285"]
[BlackElo "2292"]
[WhiteTeam "C.E.M.C. Monaco"]
[BlackTeam "Gonfreville l'Orcher"]
[WhiteFideId "14107449"]
[BlackFideId "638285"]
[EventDate "2019.05.18"]

1. d4 Nf6 2. Nf3 g6 3. g3 Bg7 4. Bg2 O-O 5. c4 d5 6. O-O dxc4 7. Ne5 c5 8. dxc5
Qc7 9. c6 Nxc6 10. Nxc6 bxc6 11. Qc2 Be6 12. Na3 c3 13. Qxc3 Nd5 14. Qc5 Qb6 15.
Qxb6 axb6 16. Nc2 Ra4 17. a3 Rc8 18. e4 Nc7 19. Bg5 Bb3 20. Nb4 Ne6 21. Bxe7 Be5
22. Nd3 Bd4 23. Bd6 c5 24. Nf4 Rd8 25. Nxe6 Rxd6 26. Nxd4 Rdxd4 27. f4 Rd2 28.
Rf2 Rad4 29. Raf1 Bc4 30. Rxd2 Rxd2 31. Rf2 Rd1+ 32. Bf1 Bd3 33. e5 Rb1 34. a4
c4 35. Kg2 Bxf1+ 36. Rxf1 Rxb2+ 37. Kf3 c3 38. Rc1 c2 39. Ke2 Ra2 40. Kd3 Rxa4
41. Rxc2 Rb4 42. Rc8+ Kg7 43. Kc3 Rb1 44. Rb8 h5 45. Rb7 Kf8 46. Kd4 Rb5 47. Kc4
Rb2 48. Kd5 Rxh2 49. Rxb6 Re2 50. Rb3 Kg7 51. Kd6 Rf2 52. Rb7 Ra2 53. Ke7 Ra4
54. Ke8 Kg8 55. e6 fxe6 56. Ke7 Kg7 57. Kxe6+ Kh6 58. Rb8 Ra3 59. Kf6 Ra6+ 60.
Kf7 Kh7 61. Rb5 Ra3 62. Rg5 Ra7+ 63. Kf6 Ra6+ 64. Kf7 Kh6 65. Re5 Ra3 66. Rg5
Ra7+ 67. Kf6 Ra6+ 1/2-1/2

[Event "TCh-FRA Top 12 2019"]
[Site "Brest FRA"]
[Date "2019.05.18"]
[Round "1.3"]
[Board "3"]
[White "Feller, Sebastien"]
[Black "Gozzoli, Yannick"]
[Result "1/2-1/2"]
[WhiteTitle "GM"]
[BlackTitle "GM"]
[WhiteElo "2587"]
[BlackElo "2622"]
[WhiteTeam "Club d'Echecs Metz Fischer"]
[BlackTeam "Asnieres - Le Grand Echiquier"]
[WhiteFideId "634654"]
[BlackFideId "616915"]
[EventDate "2019.05.18"]

1. d4 d5 2. c4 c6 3. Nc3 Nf6 4. e3 e6 5. Nf3 a6 6. b3 Bb4 7. Bd2 O-O 8. Bd3 Nbd7
9. O-O Qe7 10. Qe1 a5 11. Rd1 b6 12. e4 dxe4 13. Nxe4 1/2-1/2

[Event "TCh-FRA Top 12 2019"]
[Site "Brest FRA"]
[Date "2019.05.18"]
[Round "1.3"]
[Board "4"]
[White "Oparin, Grigoriy"]
[Black "Fedorchuk, Sergey A."]
[Result "1-0"]
[WhiteTitle "GM"]
[BlackTitle "GM"]
[WhiteElo "2624"]
[BlackElo "2620"]
[WhiteTeam "Asnieres - Le Grand Echiquier"]
[BlackTeam "Club d'Echecs Metz Fischer"]
[WhiteFideId "24125890"]
[BlackFideId "14102536"]
[EventDate "2019.05.18"]

1. d4 Nf6 2. c4 e6 3. Nf3 b6 4. g3 Bb7 5. Bg2 Bb4+ 6. Nbd2 c5 7. a3 Bxd2+ 8.
Qxd2 cxd4 9. O-O Bxf3 10. exf3 Nc6 11. b4 Rc8 12. f4 O-O 13. Bb2 d6 14. Bxc6
Rxc6 15. Qxd4 Qc7 16. Rac1 Rc8 17. Rc2 b5 18. c5 dxc5 19. bxc5 Rxc5 20. Rxc5
Qxc5 21. Rc1 Qf8 22. Rxc8 Qxc8 23. Qxa7 Nd5 24. f5 Nf6 25. fxe6 Qxe6 26. Bxf6
Qe1+ 27. Kg2 Qe4+ 28. f3 Qd4 1-0

[Event "TCh-FRA Top 12 2019"]
[Site "Brest FRA"]
[Date "2019.05.18"]
[Round "1.3"]
[Board "5"]
[White "Safarli, Eltaj"]
[Black "Cornette, Matthieu"]
[Result "1/2-1/2"]
[WhiteTitle "GM"]
[BlackTitle "GM"]
[WhiteElo "2624"]
[BlackElo "2553"]
[WhiteTeam "Club d'Echecs Metz Fischer"]
[BlackTeam "Asnieres - Le Grand Echiquier"]
[WhiteFideId "13402129"]
[BlackFideId "620084"]
[EventDate "2019.05.18"]

1. e4 c5 2. Nf3 Nc6 3. Bb5 g6 4. Bxc6 dxc6 5. d3 Bg7 6. h3 Nf6 7. Bd2 O-O 8. Bc3
c4 9. O-O cxd3 10. cxd3 b6 11. Re1 c5 12. d4 cxd4 13. Bxd4 Bb7 14. Nc3 e6 15.
Qa4 Qd7 16. Qb4 Rfd8 17. Rad1 Bf8 18. Qc4 Qe7 19. Qe2 Bg7 20. Qe3 Ne8 21. Bxg7
Kxg7 22. Ne5 1/2-1/2

[Event "TCh-FRA Top 12 2019"]
[Site "Brest FRA"]
[Date "2019.05.18"]
[Round "1.3"]
[Board "6"]
[White "Degraeve, Jean-Marc"]
[Black "Terrieux, Kevin"]
[Result "1/2-1/2"]
[WhiteTitle "GM"]
[BlackTitle "IM"]
[WhiteElo "2546"]
[BlackElo "2455"]
[WhiteTeam "Asnieres - Le Grand Echiquier"]
[BlackTeam "Club d'Echecs Metz Fischer"]
[WhiteFideId "600270"]
[BlackFideId "622591"]
[EventDate "2019.05.18"]

1. e4 c5 2. Nf3 e6 3. g3 Nc6 4. Bg2 Nf6 5. Qe2 d6 6. O-O Be7 7. c3 O-O 8. d4 d5
9. e5 Ne4 10. Rd1 cxd4 11. cxd4 f6 12. exf6 Bxf6 13. Be3 Bd7 14. Nbd2 Nd6 15.
Nb3 Nf5 16. Bf4 a5 17. Be5 b6 18. Bxf6 Qxf6 19. Ne5 Nxe5 20. dxe5 Qe7 21. Nd4
Nxd4 22. Rxd4 Rac8 23. h4 Be8 24. Rad1 h6 25. Qg4 Rc2 26. R1d2 Rc1+ 27. Kh2 Kh8
28. Bh3 Bf7 29. Rd1 Rc2 30. R1d2 Rc1 31. Rd1 Rc2 32. R1d2 Rc1 1/2-1/2

[Event "TCh-FRA Top 12 2019"]
[Site "Brest FRA"]
[Date "2019.05.18"]
[Round "1.3"]
[Board "7"]
[White "Koch, Jean-Rene"]
[Black "Gurevich, Mikhail"]
[Result "0-1"]
[WhiteTitle "IM"]
[BlackTitle "GM"]
[WhiteElo "2465"]
[BlackElo "2566"]
[WhiteTeam "Club d'Echecs Metz Fischer"]
[BlackTeam "Asnieres - Le Grand Echiquier"]
[WhiteFideId "600148"]
[BlackFideId "200930"]
[EventDate "2019.05.18"]

1. c4 f5 2. g3 Nf6 3. Bg2 d6 4. Nc3 g6 5. d3 Bg7 6. e4 Nc6 7. Nge2 e5 8. O-O O-O
9. Nd5 Be6 10. Bg5 Qd7 11. Qd2 Rf7 12. Rac1 Raf8 13. b4 Nh5 14. b5 Nd8 15. f3 c6
16. Ndc3 f4 17. g4 Nf6 18. h3 h5 19. Qe1 hxg4 20. hxg4 Nh7 21. Bh4 g5 22. Bf2
Bxg4 23. Bxa7 Be6 24. Kf2 g4 25. Rh1 Ng5 26. Ng1 Bf6 27. Ke2 Rh7 28. Rxh7 Qxh7
29. Rc2 Qh5 30. Qf1 Ndf7 31. Ke1 Kg7 32. a4 Bd8 33. Kd2 Ba5 34. Kc1 Ra8 35. b6
Rh8 36. Nd1 Kf6 37. fxg4 Bxg4 38. Ne3 Nh6 39. d4 Ke7 40. dxe5 dxe5 41. Nd5+ cxd5
42. cxd5 Qe8 43. Rc7+ Kf6 44. Qc4 Nhf7 45. d6 Rh2 46. Bf1 Rh1 47. d7 Bxd7 48.
Qc5 Bd2+ 0-1

[Event "TCh-FRA Top 12 2019"]
[Site "Brest FRA"]
[Date "2019.05.18"]
[Round "1.4"]
[Board "1"]
[White "Rodshtein, Maxim"]
[Black "Gharamian, Tigran"]
[Result "1-0"]
[WhiteTitle "GM"]
[BlackTitle "GM"]
[WhiteElo "2699"]
[BlackElo "2602"]
[WhiteTeam "Bischwiller"]
[BlackTeam "Nice Alekhine"]
[WhiteFideId "2806851"]
[BlackFideId "13301527"]
[EventDate "2019.05.18"]

1. c4 Nf6 2. Nc3 e6 3. e4 c5 4. e5 Ng8 5. Nf3 d6 6. exd6 Bxd6 7. d4 cxd4 8. Nxd4
a6 9. Be3 Nf6 10. g3 e5 11. Nb3 O-O 12. Bg2 Nc6 13. O-O h6 14. Rc1 Re8 15. Qd2
Bb4 16. Qxd8 Rxd8 17. Nd5 Nxd5 18. cxd5 Ne7 19. a3 Bd6 20. Bb6 Re8 21. Na5 Nf5
22. Rfe1 Bf8 23. f4 e4 24. Nc4 Nd6 25. Nxd6 Bxd6 26. Rxe4 Rxe4 27. Bxe4 Bd7 28.
b4 Rc8 29. Rxc8+ Bxc8 30. Bc5 Bc7 31. d6 Bd8 32. Kf2 b6 33. Bd4 Bd7 34. Ke3 Kf8
35. Bd3 b5 36. Be4 a5 37. Kd3 axb4 38. axb4 g6 39. Ke3 f5 40. Bd5 Ke8 41. Bg7
Bb6+ 42. Kf3 h5 43. Bf6 Kf8 44. Kg2 Be3 45. Kh3 Bd2 46. Kh4 Bxb4 47. Be5 Ba5 48.
Kg5 Be8 49. Bf6 Bb4 50. Be7+ Kg7 51. Be6 Kh7 52. Bf8 Bc5 53. Kf6 b4 54. d7 1-0

[Event "TCh-FRA Top 12 2019"]
[Site "Brest FRA"]
[Date "2019.05.18"]
[Round "1.4"]
[Board "2"]
[White "Bauer, Christian"]
[Black "Fressinet, Laurent"]
[Result "1/2-1/2"]
[WhiteTitle "GM"]
[BlackTitle "GM"]
[WhiteElo "2643"]
[BlackElo "2640"]
[WhiteTeam "Nice Alekhine"]
[BlackTeam "Bischwiller"]
[WhiteFideId "603767"]
[BlackFideId "608742"]
[EventDate "2019.05.18"]

1. c4 e6 2. Nf3 d5 3. e3 Nf6 4. b3 c5 5. Bb2 Nc6 6. cxd5 exd5 7. Bb5 Bd6 8. O-O
O-O 9. d4 cxd4 10. Nxd4 Bc7 11. Nf3 Bg4 12. Be2 Re8 13. Nc3 a6 14. Rc1 Rc8 15.
Re1 Qd6 16. g3 h5 17. a3 Bb8 1/2-1/2

[Event "TCh-FRA Top 12 2019"]
[Site "Brest FRA"]
[Date "2019.05.18"]
[Round "1.4"]
[Board "3"]
[White "Bacrot, Etienne"]
[Black "Lagarde, Maxime"]
[Result "1/2-1/2"]
[WhiteTitle "GM"]
[BlackTitle "GM"]
[WhiteElo "2678"]
[BlackElo "2600"]
[WhiteTeam "Bischwiller"]
[BlackTeam "Nice Alekhine"]
[WhiteFideId "605506"]
[BlackFideId "662399"]
[EventDate "2019.05.18"]

1. e4 c5 2. Nf3 Nc6 3. Nc3 e5 4. Bc4 Be7 5. d3 Nf6 6. Nd2 d6 7. Nf1 Nd7 8. Ng3
Nb6 9. O-O O-O 10. a4 Kh8 11. Ba2 Nb4 12. Bb3 Be6 13. Bxe6 fxe6 14. Nce2 d5 15.
a5 Nd7 16. Bd2 Rc8 17. Qb1 Nf6 18. exd5 exd5 19. c3 1/2-1/2

[Event "TCh-FRA Top 12 2019"]
[Site "Brest FRA"]
[Date "2019.05.18"]
[Round "1.4"]
[Board "4"]
[White "Eljanov, Pavel"]
[Black "Edouard, Romain"]
[Result "1-0"]
[WhiteTitle "GM"]
[BlackTitle "GM"]
[WhiteElo "2661"]
[BlackElo "2642"]
[WhiteTeam "Nice Alekhine"]
[BlackTeam "Bischwiller"]
[WhiteFideId "14102951"]
[BlackFideId "633429"]
[EventDate "2019.05.18"]

1. c4 e5 2. d3 g6 3. Nc3 Bg7 4. g3 Ne7 5. Bg2 O-O 6. e4 c6 7. Nge2 Na6 8. O-O
Nc7 9. Be3 d5 10. exd5 cxd5 11. Bc5 d4 12. Ne4 b6 13. Ba3 Rb8 14. Nd6 Bd7 15.
Nb7 Qe8 16. Nd6 Qd8 17. f4 b5 18. Qe1 Nf5 19. Nxf5 Bxf5 20. Bxf8 Qxf8 21. fxe5
Bxd3 22. cxb5 Rxb5 23. Qd2 Bxe2 24. Qxe2 Rxe5 25. Qc4 Ne6 26. Rae1 Rc5 27. Qa6
Qd8 28. Qxa7 Rc7 29. Qa8 Qxa8 30. Bxa8 Bh6 31. Bd5 Bd2 32. Re2 Be3+ 33. Kg2 Nc5
34. b4 Na4 35. b5 Kg7 36. Bb3 Nc5 37. b6 Rb7 38. Bd5 Rxb6 39. Rxf7+ Kh6 40. h4
Rd6 41. Bc4 g5 42. hxg5+ Bxg5 43. Re5 Nd7 44. Bd3 Nf6 45. Re1 1-0

[Event "TCh-FRA Top 12 2019"]
[Site "Brest FRA"]
[Date "2019.05.18"]
[Round "1.4"]
[Board "5"]
[White "Ragger, Markus"]
[Black "Wagner, Dennis"]
[Result "1-0"]
[WhiteTitle "GM"]
[BlackTitle "GM"]
[WhiteElo "2682"]
[BlackElo "2578"]
[WhiteTeam "Bischwiller"]
[BlackTeam "Nice Alekhine"]
[WhiteFideId "1610856"]
[BlackFideId "24650684"]
[EventDate "2019.05.18"]

1. e4 e5 2. Nf3 Nc6 3. Bc4 Bc5 4. c3 Nf6 5. d3 a6 6. O-O d6 7. Re1 O-O 8. Nbd2
Ba7 9. Bb3 Ng4 10. Re2 Kh8 11. h3 f5 12. exf5 Nh6 13. g4 Nxf5 14. gxf5 Bxf5 15.
Ne4 Bxh3 16. Nfg5 Bg4 17. Be6 Bh5 18. Qf1 h6 19. Re3 Bxe3 20. Bxe3 Qe7 21. Qh3
Nd8 22. Bb3 g6 23. Ne6 Rf3 24. Ng3 Nf7 25. d4 c6 26. dxe5 Nxe5 27. Bxh6 Rf7 28.
Nxh5 gxh5 29. Qxh5 Qh4 30. Bg7+ Kg8 31. Qxh4 Nf3+ 32. Kf1 Nxh4 33. Ng5 Kxg7 34.
Nxf7 1-0

[Event "TCh-FRA Top 12 2019"]
[Site "Brest FRA"]
[Date "2019.05.18"]
[Round "1.4"]
[Board "6"]
[White "Rambaldi, Francesco"]
[Black "Le Roux, Jean-Pierre"]
[Result "1/2-1/2"]
[WhiteTitle "GM"]
[BlackTitle "GM"]
[WhiteElo "2558"]
[BlackElo "2539"]
[WhiteTeam "Nice Alekhine"]
[BlackTeam "Bischwiller"]
[WhiteFideId "20657307"]
[BlackFideId "609404"]
[EventDate "2019.05.18"]

1. e4 c6 2. Nf3 d5 3. d3 g6 4. exd5 cxd5 5. d4 Nf6 6. c3 Nc6 7. h3 Qc7 8. g3 Bg7
9. Bf4 Qb6 10. Qb3 Nd7 11. Na3 O-O 12. Nb5 e5 13. Be3 exd4 14. Nbxd4 Qa5 15. Bg2
Nb6 16. O-O Bd7 17. a4 Rfc8 18. Rfe1 h6 19. Kh2 g5 20. Bf1 Bf6 21. Bd3 Nc4 22.
Qxb7 N4e5 23. Nxe5 Nxe5 24. Bb5 Be6 25. Qa6 Qxa6 26. Bxa6 Rcb8 27. b3 Bd7 28.
Rec1 Nc6 29. Nxc6 Bxc6 30. b4 Bb7 31. Bd3 a5 32. b5 Rc8 33. Bd4 Kg7 34. Bxf6+
Kxf6 35. c4 dxc4 36. Bxc4 Rc5 37. Bf1 Rac8 38. Rxc5 Rxc5 39. Bg2 Bxg2 40. Kxg2
Ke6 41. Re1+ Kd6 42. Rd1+ Kc7 43. Rd4 Rc3 44. h4 Rb3 45. hxg5 hxg5 46. Kf1 Rb2
47. Ke1 f6 48. Kf1 Rc2 49. Kg2 Rc3 50. g4 Rb3 51. Kf1 Rb2 52. Ke1 Rc2 53. f3 Rb2
54. Rc4+ Kb7 55. Rc6 Rb4 56. Rxf6 Rxa4 57. Rf5 Rb4 58. Rxg5 a4 59. Rg7+ Kb6 60.
Rg8 Kb7 61. Rg7+ Kb6 62. Rg8 Kb7 1/2-1/2

[Event "TCh-FRA Top 12 2019"]
[Site "Brest FRA"]
[Date "2019.05.18"]
[Round "1.4"]
[Board "7"]
[White "Maze, Sebastien"]
[Black "Demuth, Adrien"]
[Result "1/2-1/2"]
[WhiteTitle "GM"]
[BlackTitle "GM"]
[WhiteElo "2579"]
[BlackElo "2517"]
[WhiteTeam "Bischwiller"]
[BlackTeam "Nice Alekhine"]
[WhiteFideId "613762"]
[BlackFideId "642274"]
[EventDate "2019.05.18"]

1. e4 c5 2. Nc3 Nc6 3. Bb5 Nd4 4. Nf3 a6 5. Bd3 Nc6 6. O-O g6 7. Nd5 Bg7 8. c3
e6 9. Re1 d6 10. Ne3 Nge7 11. Bf1 d5 12. exd5 exd5 13. d4 cxd4 14. cxd4 O-O 15.
b3 Nf5 16. Ba3 Re8 17. Nxd5 Rxe1 18. Qxe1 Nfxd4 19. Nxd4 Bxd4 20. Rd1 Be6 21.
Nf4 Bg4 22. Be2 Qg5 23. Bxg4 Qxg4 24. Bc1 1/2-1/2

[Event "TCh-FRA Top 12 2019"]
[Site "Brest FRA"]
[Date "2019.05.18"]
[Round "1.4"]
[Board "8"]
[White "De Seroux, Camille"]
[Black "Sebag, Marie"]
[Result "1/2-1/2"]
[WhiteTitle "WFM"]
[BlackTitle "GM"]
[WhiteElo "2143"]
[BlackElo "2476"]
[WhiteTeam "Nice Alekhine"]
[BlackTeam "Bischwiller"]
[WhiteFideId "1305620"]
[BlackFideId "617822"]
[EventDate "2019.05.18"]

1. e4 c5 2. Nf3 d6 3. Bb5+ Nd7 4. d4 cxd4 5. Qxd4 a6 6. Bxd7+ Bxd7 7. c4 e5 8.
Qd3 b5 9. Nc3 bxc4 10. Qxc4 Be6 11. Qc6+ Bd7 12. Qc4 Qc8 13. Qd3 h6 14. O-O Nf6
15. b3 Qb7 16. Nd2 Be6 17. Ba3 Rd8 18. Rfd1 Be7 19. Nc4 O-O 20. Ne3 Rc8 21. Ncd5
Nxd5 22. Nxd5 Bxd5 23. Qxd5 Qxd5 24. Rxd5 Rc6 25. Rad1 Rfc8 26. Kf1 Rc2 27. Bxd6
Bxd6 28. Rxd6 Rxa2 29. Rd8+ 1/2-1/2

[Event "TCh-FRA Top 12 2019"]
[Site "Brest FRA"]
[Date "2019.05.18"]
[Round "1.5"]
[Board "2"]
[White "Van Foreest, Jorden"]
[Black "Praggnanandhaa, R"]
[Result "1/2-1/2"]
[WhiteTitle "GM"]
[BlackTitle "GM"]
[WhiteElo "2601"]
[BlackElo "2536"]
[WhiteTeam "Clichy-Echecs-92"]
[BlackTeam "Cannes Echecs"]
[WhiteFideId "1039784"]
[BlackFideId "25059530"]
[EventDate "2019.05.18"]

1. e4 c5 2. Nf3 Nc6 3. Bb5 g6 4. O-O Bg7 5. c3 Nf6 6. Re1 O-O 7. d4 cxd4 8. cxd4
d5 9. e5 Ne4 10. Nc3 Bf5 11. Bd3 Nxc3 12. bxc3 Qd7 13. Bxf5 Qxf5 14. Qb3 Qd7 15.
h4 h6 16. Qb1 Qe6 17. h5 g5 18. Be3 Na5 19. Nh2 Nc4 20. Qd3 f6 21. exf6 Qxf6 22.
Qe2 Rae8 23. Rad1 Qf7 24. Ng4 Kh8 25. Ne5 Nxe5 26. dxe5 Bxe5 27. Rd3 Bb8 28. Bc5
b6 29. Rf3 Bf4 30. Bd4+ Kg8 31. g3 e5 32. Bxe5 Rxe5 33. Qxe5 Bxe5 34. Rxf7 Kxf7
35. Rxe5 1/2-1/2